00814nam a2200229 i 450000100060000000300090000600500170001500700030003200800410003502000180007608000210009410000400011524500740015526000510022930000380028049000320031870000330035083000400038385200220042399900170044595201220046218041ES-MaACL20230906151738.0t|010816s2000 sp ||||1| spa d a84-7492-990-3 a821.134.2-32"19"1 aChabás, Juan (d1900-1954)93772210aFábula y vida / cJuan Chabás ; edición de Javier Pérez Bazo. a[A Coruña] : bEdiciós do Castro, c[2000] a248 p. : bretr. autor ; c22 cm.1 aBiblioteca del exilio ; v21 aPérez Bazo, Javier.9906651 aBiblioteca del exilio ; v29180374 aES-MaACLjL-24814 c18041d18041 00104070aATENEOMbATENEOMcDEPO2d2008-01-17eSCl0oL-24814p1018433r2023-02-23 00:00:00w2023-02-23yMONOGRAFIA